Régimen de procedimientos administrativos : Ley 19.549 /
Guardado en:
| Otros Autores: | |
|---|---|
| Formato: | Desconocido |
| Idioma: | Spanish |
| Publicado: |
Buenos Aires :
Astrea,
2017
|
| Edición: | 10a. ed. act. y ampl. |
| Series: | Textos legales Astrea
|
| Materias: | |
| Etiquetas: |
Agregar Etiqueta
Sin Etiquetas, Sea el primero en etiquetar este registro!
|
| LEADER | 00708nac a22001815a 4500 | ||
|---|---|---|---|
| 001 | DER.der013545 | ||
| 008 | 180615s2017####ag#||||||||||||||#||spa|| | ||
| 005 | 20241105101722.0 | ||
| 245 | 1 | 0 | |a Régimen de procedimientos administrativos : |b Ley 19.549 / |c Tomás Hutchinson. |
| 250 | |a 10a. ed. act. y ampl. | ||
| 260 | |a Buenos Aires : |b Astrea, |c 2017 | ||
| 300 | |a 496 p. | ||
| 440 | 0 | |a Textos legales Astrea | |
| 500 | |a Decreto reglamentario 1759/72, texto ordenado 1991 según reformas introducidas por decreto 1883/91. Con remisión al texto constitucional de 1994. | ||
| 020 | |a 9789877061758 | ||
| 100 | 1 | |a Hutchinson, Tomás, |e rev. | |
| 650 | 7 | |a DERECHO ADMINISTRATIVO | |
| 859 | |a DERECHO |b BIB. DERECHO |h 347.05 |i HUT |p 008543 | ||
